01328nam a2200313 a 4500001001200000003000800012006001900020007001500039008004100054020001800095020002700113040002100140035002100161050002600182245017000208260003500378300004900413440005300462504005100515533015200566650004600718655002900764700002200793700001600815700002300831710001700854856012600871999001700997ebr10653895CaPaEBRm u cr cn|||||||||130211s2013 njuaf sb 001 0 eng d z9780470552346 z9781118514375 (e-book) aCaPaEBRcCaPaEBR a(OCoLC)82874377414aHD9665.5b.R57 2013eb00aRisk management applications in pharmaceutical and biopharmaceutical manufacturingh[electronic resource] /cedited by A. Hamid Mollah, Mike Long, Harold S. Baseman. aHoboken, N.J. :bWiley,c2013. axvii, 393 p., [12] p. of plates :bcol. ill. 0aWiley series in biotechnology and bioengineering aIncludes bibliographical references and index. aElectronic reproduction.bPalo Alto, Calif. :cebrary,d2013.nAvailable via World Wide Web.nAccess may be limited to ebrary affiliated libraries. 0aPharmaceutical industryxRisk management. 7aElectronic books.2local1 aMollah, A. Hamid.1 aLong, Mike.1 aBaseman, Harold S.2 aebrary, Inc.40uhttp://site.ebrary.com/lib/rucke/Doc?id=10653895zAn electronic book accessible through the World Wide Web; click to view c76718d76718